The constitution of India : (Record no. 5517)

MARC details
000 -LEADER
fixed length control field 00593 a2200181 4500
010 ## - LCCN (DPL NO)
LC control number ENG-86890
020 ## - INTERNATIONAL STANDARD BOOK NUMBER
Terms of availability 545.00
International Standard Book Number 0195686497
035 ## - SYSTEM CONTROL NUMBER
System control number EN-70423
037 ## - SOURCE OF ACQUISITION
Source of stock number/acquisition DBAD / PUB
082 14 - DEWEY DECIMAL CLASSIFICATION NUMBER
Classification number 342.54
100 ## - MAIN ENTRY--PERSONAL NAME
Personal name Sen, Sarbani
245 1# - TITLE STATEMENT
Title The constitution of India :
Statement of responsibility, etc by Sarbani Sen
Remainder of title popular sovereignty and democratic transformation /
260 ## - PUBLICATION, DISTRIBUTION, ETC. (IMPRINT)
Place of publication, distribution, etc New Delhi
Name of publisher, distributor, etc Oxford University Press
Date of publication, distribution, etc 2007
270 ## - ADDRESS
Address YMCA Library Building, Jai Singh Road
City New Delhi
Postal code 110 045
300 ## - PHYSICAL DESCRIPTION
Extent vii, 214p
Dimensions 21cm (Hb)
500 ## - GENERAL NOTE
General note Includes index
942 ## - ADDED ENTRY ELEMENTS (KOHA)
Institution code [OBSOLETE] dpl
Item type English Books
Source of classification or shelving scheme Dewey Decimal Classification
Classification part 342.54
Call number suffix SEN
Holdings
Withdrawn status Lost status Not for loan Collection code Home library Current library Source of acquisition Cost, normal purchase price Full call number Barcode Copy number Cost, replacement price Koha item type
    Not For Loan Non-fiction D.B.Act.Division D.B.Act.Division DBAD/PUB 545.00 342.54 SEN EN-70423 1 545.00 English Books

© Delhi Public Library
Hit Counter
free hit counter